LEADER 02511nas--2200649---4500 001 990002171340203316 005 20090715145432.0 011 $a1012-2257 011 $a1683-5050 035 $a000217134 035 $aUSA01000217134 035 $a(ALEPH)000217134USA01 035 $a000217134 100 $a20041115a----9999km-y0ITAy0103----ba 101 $afre 102 $aBE 110 $aajaz---|||| 200 1 $aEurobaromètre$el?opinion publique dans dans la Communauté européenne$fCommission européenne, Directorate-General Information, communication, culture and audiovisual media 210 $aBruxelles$cCommission des Communautés européennes 215 $av.$d30 cm 300 $aComincia nel 1974 300 $aDescrizione basata su: n.46(1996) 300 $aDal 1997 il tit. è: Eurobaromètre: l?opinion publique dans dans l?Union européenne. Dal 2001 il titolo è: Eurobaromètre: l'opinion publique dans les pays candidats. ISSN 1683-5050 326 $aSemestrale 451 0$10010000951 601 02$aPaesi della Comunità europea$xPolitica sociale 606 $aOpinione pubblica$yEuropa 676 $a351.00905 676 $a303.38 699 $a18.04$bRaccolta dati 712 02$aCOMMISSIONE EUROPEA :$bDirezione generale Informazione, comunicazione, cultura e audiovisivo 801 0$aIT$bsalbc$gISBD 856 4 $uhttp://europa.eu.int/comm/public_opinion/index_en.htm$4.$9htm 912 $a990002171340203316 958 $aCDE$bCDE / EOB$c1996- manca 2003$l1996;2004;2005; 959 $aSE 969 $aCDE 979 $aSIAV1$b10$c20041115$lUSA01$h1149 979 $aSIAV1$b10$c20041115$lUSA01$h1540 979 $aCDE$b90$c20041122$lUSA01$h1143 979 $aCDE$b90$c20041221$lUSA01$h1326 979 $aCDE$b90$c20041223$lUSA01$h1017 979 $aMARIAS$b90$c20080215$lUSA01$h1028 979 $aMARIAS$b90$c20080215$lUSA01$h1055 979 $aMARIAS$b90$c20080215$lUSA01$h1056 979 $aMARIAS$b90$c20080215$lUSA01$h1312 979 $aMARIAS$b90$c20080221$lUSA01$h1128 979 $aMARIAS$b90$c20080221$lUSA01$h1130 979 $aMARIAS$b90$c20080221$lUSA01$h1150 979 $aMARIAS$b90$c20080221$lUSA01$h1321 979 $aMARIAS$b90$c20080703$lUSA01$h1023 979 $aMARIAS$b90$c20080703$lUSA01$h1027 979 $aMARIAS$b90$c20080703$lUSA01$h1031 979 $aMARIAS$b90$c20090715$lUSA01$h1453 979 $aMARIAS$b90$c20090715$lUSA01$h1454 996 $aEurobaromètre$91038230 997 $aUNISA LEADER 01627nam 2200373Ia 450 001 996391287503316 005 20220609193937.0 035 $a(CKB)4940000000098275 035 $a(EEBO)2240928326 035 $a(OCoLC)ocn953793225e 035 $a(OCoLC)953793225 035 $a(EXLCZ)994940000000098275 100 $a20160720d1615 uy 0 101 0 $aeng 135 $aurbn#|||a|bb| 200 10$aBy the King$b[electronic resource] $ea proclamation, prohibiting the bringing in of any commodities traded from the Levant, into this Kingdome, as well by suiects as strangers, not free of that company : also containing a publication of certain statutes, for the restraint of all His Maiesties suiects, from shipping and commodities in strangers bottomes, either into this Kingdome, or our of the same 210 $aImprinted at London $cBy Robert Barker, printer to the Kings Most Excellent Maiestie$danno Dom. 1615 215 $a2 sheets (versos blank) 300 $aCaption title. 300 $aReproduction of original in: Great Britain. Public Record Office. 330 $aeebo-0214 606 $aRestraint of trade$zGreat Britain$vEarly works to 1800 606 $aForeign trade regulation$zEngland$vEarly works to 1800 607 $aGreat Britain$xCommerce$zMiddle East$vEarly works to 1800 615 0$aRestraint of trade 615 0$aForeign trade regulation 701 $aJames$cKing of England,$f1566-1625.$01001019 702 $aBarker$b Robert$f-1645, 801 0$bUMI 801 1$bUMI 906 $aBOOK 912 $a996391287503316 996 $aBy the King$92299281 997 $aUNISA